Optimizacija upravlenija predprijatij ob'jedinenijem

Salvato in:
Dettagli Bibliografici
Autore principale: Andrejev, Valerij Nikolajevič
Altri autori: Mironoseckij, Nikolaj Borisovič
Natura: Libro
Lingua:russo
Pubblicazione: Novosibirsk Nauka 1984
Tags: Aggiungi Tag
Nessun Tag, puoi essere il primo ad aggiungerne!!

MARC

LEADER 00000nam a2200000 4500
001 c108278
005 20041019155140.9
041 0 |a rus 
044 |a RU 
245 1 0 |a Optimizacija upravlenija predprijatij  |b ob'jedinenijem  |c Valerij Nikolajevič Andrejev, Nikolaj Borisovič Mironoseckij 
264 1 |a Novosibirsk  |b Nauka  |c 1984 
300 |a 212 s. 
100 1 |a Andrejev, Valerij Nikolajevič 
700 1 |a Mironoseckij, Nikolaj Borisovič